000 00474nam a2200181Ia 4500
005 20250508151021.0
008 008 250505s9999 xx 000 0 eng d
037 _aTextual
040 _aFEDL
_beng
_cFEDL
041 _aeng
_2eng
084 _a040, TAG
_qFEDL
100 _aTagore Rabindranath
245 0 _aTalks in China
260 _aCalcutta, India
_bVisva-Bharati
_c1924
300 _a157p.
942 _cTEXL
_h040, TAG
999 _c1327073
_d1327073